| 000 | 01548nam0a22003371 4500 | ||
|---|---|---|---|
| 001 | v19\rc\1739178 | ||
| 005 | 20061204151602.5 | ||
| 035 | _a(NLR Aleph) 004847192 | ||
| 090 |
_a4883493 _c4883493 |
||
| 100 | _a20061204d1902 |||y0rusy50 ca | ||
| 101 | 0 | _arus | |
| 102 | _aRU | ||
| 105 | _aa z ||||| | ||
| 200 | 1 |
_aМатериалы к вопросу об изменении последа после смерти плода _e(Экперим. исслед.) _eДис. на степ. д-ра мед. Г.Э. Бонштедт _fИз Госпит. акуш.-гинекол. клиники проф. А.И. Лебедева |
|
| 210 |
_aСанкт-Петербург _cтип. Штаба Отдельного корпуса жандармов _d1902 |
||
| 215 |
_a111 с., 2 л. ил. _d23 |
||
| 225 | 1 |
_aСерия докторских диссертаций, допущенных к защите в Императорской Военно-медицинской академии в 1902-1903 учебном году _v№ 13 |
|
| 700 | 1 |
_aБонштедт _bГ. Э. _gГеоргий Эдуардович |
|
| 702 | 1 |
_aЛебедев _bА. И. _f1850-1923 _gАлексей Иванович _4570 |
|
| 801 | 0 |
_aRU _bNLR _gpsbo |
|
| 801 | 0 |
_aRU _bRuMoRGB _2psbo |
|
| 801 | 1 |
_aRU _bProSoft-M _2rusmarc |
|
| 852 |
_aNLR _j17.126.1.2(№ 13) |
||
| 852 |
_aNLR _j133/418 |
||
| 899 | _aБАН | ||
| 899 |
_aRuMoRGB _jS 12/533 |
||
| 899 |
_aRuMoRGB _jA 291/110 |
||
| 899 |
_aRuMoRGB _jA 291/110н |
||
| 899 |
_aRuMoRGB _jS 36/1184н |
||
| 942 | _cBOOK | ||
| 980 | _aNB | ||